| 000 | 00791nam a2200253Ia 4500 | ||
|---|---|---|---|
| 001 | dia_2535 | ||
| 003 | CHAP | ||
| 005 | 20251023171334.0 | ||
| 008 | 220117s2000 xx 000 0 und d | ||
| 010 | _a173056 | ||
| 040 | _cCHAP | ||
| 082 | _a637 I5 | ||
| 100 |
_aInda Cunningham, Arturo _9153094 |
||
| 245 |
_aOptimización de Rendimiento y Aseguramiento de Inocuidad en la Industria de Quesería; una Guía para la Pequeña y Mediana Empresa / _c por Arturo Inda Cunningham, |
||
| 260 |
_aSaltillo, Coahuila : _bOEA, _c2000 |
||
| 300 | _a157 p. | ||
| 500 | _a1.d. y 2 fotocopias | ||
| 650 | _a1.Queso/ | ||
| 650 | 0 |
_aQueso _xIndustria _9153095 |
|
| 901 | _a637 I5 | ||
| 902 | _aM | ||
| 905 | _a0000002000 COAX 0000000000ESP00 | ||
| 942 |
_cLIBRO _2ddc |
||
| 999 |
_c173056 _d173056 |
||